[Event "9. Forchheimer Sparkassen Open 2010"]
[Site "Forchheim"]
[Date "2010.10.02"]
[Round "2.44"]
[White "Diener, Carolin"]
[Black "Schütz, Robert"]
[Result "0-1"]
[WhiteElo "1359"]
[BlackElo "1775"]
[PlyCount "80"]
[EventDate "2010.??.??"]
[WhiteTeam "SAbt TuS Makkabi Ffm"]
[BlackTeam "SC Forchheim e.V."]

1. e4 {[%emt 0:00:00]} e6 {[%emt 0:00:01]} 2. d4 {[%emt 0:00:02]} d5 {
[%emt 0:00:01]} 3. Nc3 {[%emt 0:00:02]} Bb4 {[%emt 0:00:01]} 4. Bd3 {
[%emt 0:00:02]} c5 {[%emt 0:00:02]} 5. exd5 {[%emt 0:00:02]} Qxd5 {
[%emt 0:00:02]} 6. a3 {[%emt 0:00:01]} Bxc3+ {[%emt 0:00:01]} 7. bxc3 {
[%emt 0:00:01]} Qxg2 {[%emt 0:00:02]} 8. Qf3 {[%emt 0:00:02]} Qxf3 {
[%emt 0:00:01]} 9. Nxf3 {[%emt 0:00:01]} Bd7 {[%emt 0:00:02]} 10. dxc5 {
[%emt 0:00:03]} Bc6 {[%emt 0:00:01]} 11. Ke2 {[%emt 0:00:04]} Nd7 {
[%emt 0:00:02]} 12. Rg1 {[%emt 0:00:03]} g6 {[%emt 0:00:03]} 13. Be3 {
[%emt 0:00:03]} Ngf6 {[%emt 0:00:02]} 14. Bd4 {[%emt 0:00:02]} O-O {
[%emt 0:00:07]} 15. Ne5 {[%emt 0:00:03]} Nxe5 {[%emt 0:01:04]} 16. Bxe5 {
[%emt 0:00:02]} Nd7 {[%emt 0:00:02]} 17. Bd4 {[%emt 0:00:04]} Rac8 {
[%emt 0:00:04]} 18. Rab1 {[%emt 0:00:05]} Bd5 {[%emt 0:00:35]} 19. c4 {
[%emt 0:00:02]} Bc6 {[%emt 0:00:02]} 20. h4 {[%emt 0:00:02]} e5 {[%emt 0:00:02]
} 21. Be3 {[%emt 0:00:02]} e4 {[%emt 0:00:02]} 22. h5 {[%emt 0:00:02]} exd3+ {
[%emt 0:00:02]} 23. cxd3 {[%emt 0:00:01]} Rfe8 {[%emt 0:00:02]} 24. Kd2 {
[%emt 0:00:02]} Ne5 {[%emt 0:00:02]} 25. Rg3 {[%emt 0:00:38]} Rcd8 {
[%emt 0:00:02]} 26. Bf4 {[%emt 0:00:03]} Nxc4+ {[%emt 0:00:03]} 27. Kc3 {
[%emt 0:00:03]} Nxa3 {[%emt 0:00:02]} 28. Rd1 {[%emt 0:00:02]} Nb5+ {
[%emt 0:00:03]} 29. Kc4 {[%emt 0:00:34]} Rd4+ {[%emt 0:00:02]} 30. Kb3 {
[%emt 0:00:02]} Rxf4 {[%emt 0:00:02]} 31. hxg6 {[%emt 0:00:36]} Bd5+ {
[%emt 0:00:02]} 32. Kc2 {[%emt 0:00:03]} Rxf2+ {[%emt 0:00:02]} 33. Kc1 {
[%emt 0:00:03]} fxg6 {[%emt 0:00:02]} 34. Rg5 {[%emt 0:00:03]} Bb3 {
[%emt 0:00:04]} 35. Rh1 {[%emt 0:00:03]} Rc2+ {[%emt 0:00:02]} 36. Kd1 {
[%emt 0:00:02]} Rxc5+ {[%emt 0:00:02]} 37. Kd2 {[%emt 0:00:03]} Rxg5 {
[%emt 0:00:01]} 38. Kc1 {[%emt 0:00:02]} Re2 {[%emt 0:00:02]} 39. Kb1 {
[%emt 0:00:03]} Nc3+ {[%emt 0:00:01]} 40. Ka1 {[%emt 0:00:02]} Ra2# {
[%emt 0:00:01]} 0-1

[Event "9. Forchheimer Sparkassen Open 2010"]
[Site "Forchheim"]
[Date "2010.10.02"]
[Round "2.45"]
[White "Eisenschmid, Oliver"]
[Black "Moskowicz, Daniel"]
[Result "0-1"]
[WhiteElo "1293"]
[BlackElo "1562"]
[PlyCount "70"]
[EventDate "2010.??.??"]
[WhiteTeam "SV Haunwöhr SAbt"]
[BlackTeam "SC Forchheim e.V."]

1. e4 {[%emt 0:00:00]} c5 {[%emt 0:00:01]} 2. Nf3 {[%emt 0:00:05]} d6 {
[%emt 0:00:01]} 3. d4 {[%emt 0:00:02]} cxd4 {[%emt 0:00:01]} 4. Nxd4 {
[%emt 0:00:02]} Nf6 {[%emt 0:00:01]} 5. Nc3 {[%emt 0:00:02]} a6 {[%emt 0:00:07]
} 6. Bg5 {[%emt 0:00:02]} e6 {[%emt 0:00:02]} 7. f4 {[%emt 0:00:02]} Be7 {
[%emt 0:00:02]} 8. Qf3 {[%emt 0:00:09]} Qc7 {[%emt 0:00:02]} 9. O-O-O {
[%emt 0:00:03]} Nbd7 {[%emt 0:00:03]} 10. g4 {[%emt 0:00:06]} b5 {
[%emt 0:00:04]} 11. Bd3 {[%emt 0:00:07]} Bb7 {[%emt 0:00:02]} 12. h4 {
[%emt 0:01:10]} h6 {[%emt 0:00:02]} 13. Bxf6 {[%emt 0:00:01]} Bxf6 {
[%emt 0:00:00]} 14. Qe3 {[%emt 0:00:02]} Qb6 {[%emt 0:00:01]} 15. Bxb5 {
[%emt 0:00:02]} axb5 {[%emt 0:00:23]} 16. Nf5 {[%emt 0:00:14]} exf5 {
[%emt 0:00:06]} 17. Qxb6 {[%emt 0:00:02]} Nxb6 {[%emt 0:00:03]} 18. Nxb5 {
[%emt 0:00:03]} O-O {[%emt 0:00:03]} 19. g5 {[%emt 0:00:00]} hxg5 {
[%emt 0:00:03]} 20. hxg5 {[%emt 0:00:01]} Be7 {[%emt 0:00:02]} 21. Rh2 {
[%emt 0:00:08]} Bxe4 {[%emt 0:00:02]} 22. Nc3 {[%emt 0:00:04]} g6 {
[%emt 0:00:02]} 23. Rh6 {[%emt 0:00:03]} Kg7 {[%emt 0:00:03]} 24. Nxe4 {
[%emt 0:00:02]} fxe4 {[%emt 0:00:02]} 25. Rdh1 {[%emt 0:00:02]} Rh8 {
[%emt 0:00:02]} 26. Rxh8 {[%emt 0:00:02]} Rxh8 {[%emt 0:00:03]} 27. Rxh8 {
[%emt 0:00:02]} Kxh8 {[%emt 0:00:02]} 28. b3 {[%emt 0:00:04]} d5 {
[%emt 0:00:02]} 29. Kd2 {[%emt 0:00:05]} Bd6 {[%emt 0:00:02]} 30. Ke3 {
[%emt 0:00:02]} Kg7 {[%emt 0:00:02]} 31. a4 {[%emt 0:00:02]} f5 {[%emt 0:00:02]
} 32. a5 {[%emt 0:00:02]} Bc5+ {[%emt 0:00:02]} 33. Kd2 {[%emt 0:00:02]} Bb4+ {
[%emt 0:00:03]} 34. Ke3 {[%emt 0:00:02]} Bxa5 {[%emt 0:00:01]} 35. Kd4 {
[%emt 0:00:02]} Bd2 {[%emt 0:00:02]} 0-1

[Event "9. Forchheimer Sparkassen Open 2010"]
[Site "Forchheim"]
[Date "2010.10.02"]
[Round "2.46"]
[White "Klinkhammer, Christopher"]
[Black "Steinmüller, Harald"]
[Result "0-1"]
[WhiteElo "1129"]
[BlackElo "1433"]
[PlyCount "54"]
[EventDate "2010.??.??"]
[WhiteTeam "SG Siemens Amberg"]
[BlackTeam "Post-SV Memmingen e.V."]

1. c4 {[%emt 0:00:00]} e5 {[%emt 0:00:04]} 2. Nc3 {[%emt 0:00:03]} Nc6 {
[%emt 0:00:02]} 3. g3 {[%emt 0:00:02]} Bc5 {[%emt 0:00:02]} 4. Bg2 {
[%emt 0:00:03]} d6 {[%emt 0:00:02]} 5. d3 {[%emt 0:00:02]} Be6 {[%emt 0:00:02]}
6. e3 {[%emt 0:00:02]} Nge7 {[%emt 0:00:03]} 7. Nh3 {[%emt 0:00:02]} O-O {
[%emt 0:00:02]} 8. Ng5 {[%emt 0:00:09]} h6 {[%emt 0:00:01]} 9. Nxe6 {
[%emt 0:00:01]} fxe6 {[%emt 0:00:01]} 10. Qg4 {[%emt 0:00:03]} Rf6 {
[%emt 0:00:02]} 11. h4 {[%emt 0:00:04]} Qf8 {[%emt 0:00:04]} 12. O-O {
[%emt 0:00:03]} Rg6 {[%emt 0:00:01]} 13. Qh3 {[%emt 0:00:03]} Qf5 {
[%emt 0:00:01]} 14. h5 {[%emt 0:00:02]} Rg5 {[%emt 0:00:01]} 15. e4 {
[%emt 0:00:02]} Qxh3 {[%emt 0:00:01]} 16. Bxh3 {[%emt 0:00:01]} Rxg3+ {
[%emt 0:00:06]} 17. Kh2 {[%emt 0:00:13]} Rf3 {[%emt 0:00:02]} 18. Bxe6+ {
[%emt 0:00:03]} Kh7 {[%emt 0:00:03]} 19. Bg4 {[%emt 0:00:04]} Rxf2+ {
[%emt 0:00:03]} 20. Rxf2 {[%emt 0:00:02]} Bxf2 {[%emt 0:00:02]} 21. Nb5 {
[%emt 0:00:03]} Nb4 {[%emt 0:00:02]} 22. Be2 {[%emt 0:00:03]} Nc2 {
[%emt 0:00:02]} 23. Rb1 {[%emt 0:00:02]} Nd4 {[%emt 0:00:03]} 24. Nxc7 {
[%emt 0:00:02]} Rc8 {[%emt 0:00:02]} 25. Kg2 {[%emt 0:00:02]} Bh4 {
[%emt 0:00:02]} 26. Nd5 {[%emt 0:01:00]} Nxe2 {[%emt 0:00:03]} 27. Nxe7 {
[%emt 0:00:02]} Bxe7 {[%emt 0:00:02]} 0-1

[Event "9. Forchheimer Sparkassen Open 2010"]
[Site "Forchheim"]
[Date "2010.10.02"]
[Round "2.47"]
[White "Gottlieb, Michael"]
[Black "Kraja, Dzemal"]
[Result "0-1"]
[WhiteElo "1201"]
[BlackElo "1660"]
[PlyCount "84"]
[EventDate "2010.??.??"]
[WhiteTeam "SC Postbauer-Heng e.V"]
[BlackTeam "SC Forchheim e.V."]

1. e4 {[%emt 0:00:00]} e6 {[%emt 0:00:01]} 2. d4 {[%emt 0:00:02]} d5 {
[%emt 0:00:01]} 3. exd5 {[%emt 0:00:00]} exd5 {[%emt 0:00:01]} 4. Nf3 {
[%emt 0:00:03]} Nf6 {[%emt 0:00:02]} 5. Nc3 {[%emt 0:00:02]} Bb4 {
[%emt 0:00:02]} 6. Bd2 {[%emt 0:00:02]} O-O {[%emt 0:00:02]} 7. a3 {
[%emt 0:00:02]} Ba5 {[%emt 0:00:07]} 8. b4 {[%emt 0:00:03]} Bb6 {[%emt 0:00:01]
} 9. Bg5 {[%emt 0:00:03]} c6 {[%emt 0:00:02]} 10. Be2 {[%emt 0:00:07]} Qd6 {
[%emt 0:00:02]} 11. Ne5 {[%emt 0:00:05]} Ne4 {[%emt 0:00:01]} 12. Nxe4 {
[%emt 0:00:03]} dxe4 {[%emt 0:00:01]} 13. Be3 {[%emt 0:00:03]} Be6 {
[%emt 0:00:02]} 14. Nc4 {[%emt 0:00:02]} Qe7 {[%emt 0:00:02]} 15. c3 {
[%emt 0:00:02]} Bc7 {[%emt 0:00:01]} 16. Qc1 {[%emt 0:00:02]} f5 {
[%emt 0:00:02]} 17. f4 {[%emt 0:00:03]} Qh4+ {[%emt 0:00:02]} 18. g3 {
[%emt 0:00:01]} Qf6 {[%emt 0:00:01]} 19. Qd2 {[%emt 0:00:04]} Nd7 {
[%emt 0:00:03]} 20. Ne5 {[%emt 0:00:03]} Nxe5 {[%emt 0:00:08]} 21. dxe5 {
[%emt 0:00:05]} Qf7 {[%emt 0:00:01]} 22. Bd4 {[%emt 0:00:02]} Rfd8 {
[%emt 0:00:02]} 23. Qe3 {[%emt 0:00:02]} Rd7 {[%emt 0:00:02]} 24. Rd1 {
[%emt 0:00:02]} b6 {[%emt 0:00:03]} 25. Kf2 {[%emt 0:00:02]} Rad8 {
[%emt 0:00:02]} 26. Rd2 {[%emt 0:00:02]} c5 {[%emt 0:00:02]} 27. bxc5 {
[%emt 0:00:00]} bxc5 {[%emt 0:00:02]} 28. Rhd1 {[%emt 0:00:02]} cxd4 {
[%emt 0:00:01]} 29. cxd4 {[%emt 0:00:05]} Bb6 {[%emt 0:00:05]} 30. Kg2 {
[%emt 0:00:05]} Bc4 {[%emt 0:00:05]} 31. Bf1 {[%emt 0:00:03]} Bxf1+ {
[%emt 0:00:03]} 32. Kxf1 {[%emt 0:00:04]} Qc4+ {[%emt 0:00:02]} 33. Ke1 {
[%emt 0:00:03]} Bxd4 {[%emt 0:00:02]} 34. Qe2 {[%emt 0:00:03]} Qe6 {
[%emt 0:00:02]} 35. Kf1 {[%emt 0:00:03]} e3 {[%emt 0:00:02]} 36. Rd3 {
[%emt 0:00:03]} Qc6 {[%emt 0:00:02]} 37. Kg1 {[%emt 0:00:05]} Bb6 {
[%emt 0:00:02]} 38. Rxd7 {[%emt 0:00:03]} Rxd7 {[%emt 0:00:01]} 39. Rxd7 {
[%emt 0:00:05]} Qxd7 {[%emt 0:00:01]} 40. Qc4+ {[%emt 0:00:01]} Kf8 {
[%emt 0:00:03]} 41. Kg2 {[%emt 0:00:00]} Qc7 {[%emt 0:00:07]} 42. Qd5 {
[%emt 0:00:04]} e2 {[%emt 0:00:01]} 0-1

[Event "9. Forchheimer Sparkassen Open 2010"]
[Site "Forchheim"]
[Date "2010.10.02"]
[Round "2.48"]
[White "Kreutz, Daniel"]
[Black "Schneider, Jana"]
[Result "1-0"]
[WhiteElo "1822"]
[BlackElo "1246"]
[PlyCount "67"]
[EventDate "2010.??.??"]
[WhiteTeam "Pulheimer Sport-Club 1924/57 e.V"]
[BlackTeam "Spvgg 1946 e.V. Stetten"]

1. e4 {[%emt 0:00:00]} c5 {[%emt 0:00:01]} 2. Nf3 {[%emt 0:00:02]} d6 {
[%emt 0:00:01]} 3. d4 {[%emt 0:00:02]} cxd4 {[%emt 0:00:01]} 4. Nxd4 {
[%emt 0:00:02]} Nf6 {[%emt 0:00:02]} 5. Nc3 {[%emt 0:00:02]} a6 {[%emt 0:00:02]
} 6. g3 {[%emt 0:00:02]} b5 {[%emt 0:00:05]} 7. a3 {[%emt 0:00:03]} Bb7 {
[%emt 0:00:01]} 8. Bg2 {[%emt 0:00:01]} e6 {[%emt 0:00:01]} 9. O-O {
[%emt 0:00:02]} Be7 {[%emt 0:00:02]} 10. Re1 {[%emt 0:00:01]} Qc7 {
[%emt 0:00:02]} 11. Be3 {[%emt 0:00:02]} Nbd7 {[%emt 0:00:03]} 12. Nb3 {
[%emt 0:00:02]} Rc8 {[%emt 0:00:02]} 13. Qd2 {[%emt 0:00:02]} Ne5 {
[%emt 0:00:02]} 14. Bd4 {[%emt 0:00:02]} Nc4 {[%emt 0:00:02]} 15. Qc1 {
[%emt 0:00:02]} e5 {[%emt 0:00:02]} 16. Be3 {[%emt 0:00:01]} Nxb2 {
[%emt 0:00:02]} 17. Qxb2 {[%emt 0:00:02]} Qxc3 {[%emt 0:00:02]} 18. Qxc3 {
[%emt 0:00:01]} Rxc3 {[%emt 0:00:01]} 19. Bb6 {[%emt 0:00:03]} Rxc2 {
[%emt 0:00:03]} 20. Rac1 {[%emt 0:00:03]} Rc8 {[%emt 0:00:02]} 21. Bh3 {
[%emt 0:00:05]} Rc4 {[%emt 0:00:05]} 22. Na5 {[%emt 0:00:02]} Rxe4 {
[%emt 0:00:02]} 23. Rxe4 {[%emt 0:00:02]} Nxe4 {[%emt 0:00:02]} 24. Nxb7 {
[%emt 0:00:02]} O-O {[%emt 0:00:01]} 25. Rc7 {[%emt 0:00:03]} Re8 {
[%emt 0:00:02]} 26. Bd7 {[%emt 0:00:02]} Rb8 {[%emt 0:00:02]} 27. Bc6 {
[%emt 0:00:04]} Bd8 {[%emt 0:00:02]} 28. Nxd8 {[%emt 0:00:03]} Rxb6 {
[%emt 0:00:06]} 29. Bxe4 {[%emt 0:00:02]} Rb8 {[%emt 0:00:02]} 30. Nxf7 {
[%emt 0:00:02]} Rf8 {[%emt 0:00:02]} 31. Nxd6 {[%emt 0:00:04]} Rf6 {
[%emt 0:00:02]} 32. Rc8+ {[%emt 0:00:02]} Rf8 {[%emt 0:00:02]} 33. Bd5+ {
[%emt 0:00:01]} Kh8 {[%emt 0:00:01]} 34. Rxf8# {[%emt 0:00:01]} 1-0

[Event "9. Forchheimer Sparkassen Open 2010"]
[Site "Forchheim"]
[Date "2010.10.02"]
[Round "2.49"]
[White "Zischer, Andreas"]
[Black "Lorenz, Dominik"]
[Result "1-0"]
[WhiteElo "1585"]
[BlackElo "1250"]
[PlyCount "71"]
[EventDate "2010.??.??"]
[WhiteTeam "SK Leutershausen"]
[BlackTeam "SC Postbauer-Heng e. V."]

1. c4 {[%emt 0:00:00]} c6 {[%emt 0:00:02]} 2. Nc3 {[%emt 0:00:03]} e6 {
[%emt 0:00:01]} 3. d4 {[%emt 0:00:04]} d5 {[%emt 0:00:02]} 4. Nf3 {
[%emt 0:00:02]} Bb4 {[%emt 0:00:02]} 5. Bd2 {[%emt 0:01:03]} Ne7 {
[%emt 0:00:02]} 6. e3 {[%emt 0:00:02]} O-O {[%emt 0:00:02]} 7. a3 {
[%emt 0:00:02]} Bxc3 {[%emt 0:00:01]} 8. bxc3 {[%emt 0:00:00]} Ng6 {
[%emt 0:00:05]} 9. cxd5 {[%emt 0:00:04]} exd5 {[%emt 0:00:03]} 10. c4 {
[%emt 0:00:01]} Bg4 {[%emt 0:00:03]} 11. Be2 {[%emt 0:00:05]} Nd7 {
[%emt 0:00:03]} 12. Qb3 {[%emt 0:00:03]} dxc4 {[%emt 0:00:02]} 13. Qxc4 {
[%emt 0:00:02]} b5 {[%emt 0:00:03]} 14. Qxc6 {[%emt 0:00:04]} Nf6 {
[%emt 0:00:07]} 15. Qxb5 {[%emt 0:00:04]} Re8 {[%emt 0:00:02]} 16. Bb4 {
[%emt 0:00:02]} Bxf3 {[%emt 0:00:02]} 17. Bxf3 {[%emt 0:00:03]} Rb8 {
[%emt 0:00:02]} 18. Qc5 {[%emt 0:00:02]} Nf4 {[%emt 0:00:02]} 19. O-O {
[%emt 0:00:04]} Nd3 {[%emt 0:00:03]} 20. Qc3 {[%emt 0:00:01]} Nxb4 {
[%emt 0:00:02]} 21. axb4 {[%emt 0:00:01]} Rc8 {[%emt 0:00:02]} 22. Qb3 {
[%emt 0:00:01]} Qe7 {[%emt 0:00:02]} 23. Rfb1 {[%emt 0:00:06]} Rb8 {
[%emt 0:00:09]} 24. Qa4 {[%emt 0:00:02]} Rbc8 {[%emt 0:00:09]} 25. Qxa7 {
[%emt 0:00:01]} Qxa7 {[%emt 0:00:03]} 26. Rxa7 {[%emt 0:00:01]} Rc4 {
[%emt 0:00:03]} 27. g3 {[%emt 0:00:02]} h6 {[%emt 0:00:02]} 28. b5 {
[%emt 0:00:03]} Rec8 {[%emt 0:00:02]} 29. b6 {[%emt 0:00:01]} Rc1+ {
[%emt 0:00:02]} 30. Rxc1 {[%emt 0:00:01]} Rxc1+ {[%emt 0:00:06]} 31. Kg2 {
[%emt 0:00:01]} Rb1 {[%emt 0:00:04]} 32. b7 {[%emt 0:00:01]} Kh7 {
[%emt 0:00:02]} 33. Bc6 {[%emt 0:00:05]} Ng8 {[%emt 0:00:03]} 34. Ra8 {
[%emt 0:00:02]} Ne7 {[%emt 0:00:01]} 35. d5 {[%emt 0:00:05]} Nxc6 {
[%emt 0:00:02]} 36. dxc6 {[%emt 0:00:01]} 1-0

[Event "9. Forchheimer Sparkassen Open 2010"]
[Site "Forchheim"]
[Date "2010.10.02"]
[Round "2.50"]
[White "Zenner, Stefan"]
[Black "Trefflich, Marcus"]
[Result "1/2-1/2"]
[WhiteElo "1502"]
[BlackElo "1250"]
[PlyCount "114"]
[EventDate "2010.??.??"]
[WhiteTeam "SV Haunwöhr SAbt"]
[BlackTeam "vereinslos"]

1. e4 {[%emt 0:00:00]} e5 {[%emt 0:00:01]} 2. Nf3 {[%emt 0:00:32]} Nc6 {
[%emt 0:00:03]} 3. Bb5 {[%emt 0:00:01]} Nd4 {[%emt 0:00:01]} 4. Bc4 {
[%emt 0:00:02]} d6 {[%emt 0:00:02]} 5. Nxd4 {[%emt 0:00:02]} exd4 {
[%emt 0:00:02]} 6. d3 {[%emt 0:00:02]} Nf6 {[%emt 0:00:02]} 7. h3 {
[%emt 0:00:02]} h6 {[%emt 0:00:02]} 8. Nd2 {[%emt 0:00:02]} c6 {[%emt 0:00:02]}
9. O-O {[%emt 0:00:02]} b5 {[%emt 0:00:01]} 10. Bb3 {[%emt 0:00:02]} Be7 {
[%emt 0:00:02]} 11. a4 {[%emt 0:00:02]} O-O {[%emt 0:00:01]} 12. axb5 {
[%emt 0:00:02]} cxb5 {[%emt 0:00:01]} 13. Re1 {[%emt 0:00:01]} Nd7 {
[%emt 0:00:02]} 14. Bd5 {[%emt 0:00:02]} Rb8 {[%emt 0:00:02]} 15. Rxa7 {
[%emt 0:00:02]} Nb6 {[%emt 0:00:02]} 16. Bb3 {[%emt 0:00:02]} Bg5 {
[%emt 0:00:02]} 17. Qf3 {[%emt 0:00:02]} Be6 {[%emt 0:00:03]} 18. Nf1 {
[%emt 0:00:03]} Bxc1 {[%emt 0:00:03]} 19. Rxc1 {[%emt 0:00:06]} Qg5 {
[%emt 0:00:02]} 20. Rca1 {[%emt 0:00:03]} Nc8 {[%emt 0:00:02]} 21. Rc7 {
[%emt 0:00:03]} Qd8 {[%emt 0:00:03]} 22. Rc6 {[%emt 0:00:02]} Ne7 {
[%emt 0:00:03]} 23. Rca6 {[%emt 0:00:02]} d5 {[%emt 0:00:06]} 24. Ng3 {
[%emt 0:00:03]} dxe4 {[%emt 0:00:02]} 25. Qxe4 {[%emt 0:00:02]} Bxb3 {
[%emt 0:00:02]} 26. cxb3 {[%emt 0:00:02]} f5 {[%emt 0:00:01]} 27. Qe6+ {
[%emt 0:00:02]} Kh8 {[%emt 0:00:02]} 28. Re1 {[%emt 0:00:02]} Rf6 {
[%emt 0:00:02]} 29. Qxe7 {[%emt 0:00:04]} Qxe7 {[%emt 0:00:04]} 30. Rxe7 {
[%emt 0:00:01]} Rxa6 {[%emt 0:00:01]} 31. Nxf5 {[%emt 0:00:03]} Ra1+ {
[%emt 0:00:05]} 32. Kh2 {[%emt 0:00:01]} Rg8 {[%emt 0:00:06]} 33. Nxd4 {
[%emt 0:00:03]} Rb1 {[%emt 0:00:02]} 34. Nxb5 {[%emt 0:00:02]} Rxb2 {
[%emt 0:00:02]} 35. Nd4 {[%emt 0:00:02]} Rd2 {[%emt 0:00:03]} 36. Re3 {
[%emt 0:00:20]} Rd8 {[%emt 0:00:03]} 37. Nc6 {[%emt 0:00:02]} R8xd3 {
[%emt 0:00:02]} 38. Rxd3 {[%emt 0:00:02]} Rxd3 {[%emt 0:00:01]} 39. b4 {
[%emt 0:00:02]} Rd6 {[%emt 0:00:02]} 40. b5 {[%emt 0:00:01]} Rd5 {
[%emt 0:00:05]} 41. Na7 {[%emt 0:00:03]} g5 {[%emt 0:00:02]} 42. b6 {
[%emt 0:00:02]} Rd7 {[%emt 0:00:02]} 43. Kg3 {[%emt 0:00:03]} Rb7 {
[%emt 0:00:04]} 44. Nc8 {[%emt 0:00:01]} Rb8 {[%emt 0:00:04]} 45. Ne7 {
[%emt 0:00:02]} Rxb6 {[%emt 0:00:07]} 46. Kg4 {[%emt 0:00:02]} Re6 {
[%emt 0:00:02]} 47. Nf5 {[%emt 0:00:04]} Kh7 {[%emt 0:00:02]} 48. Kh5 {
[%emt 0:00:02]} Rf6 {[%emt 0:00:02]} 49. g4 {[%emt 0:00:08]} Re6 {
[%emt 0:00:04]} 50. f3 {[%emt 0:00:01]} Re2 {[%emt 0:00:02]} 51. Nxh6 {
[%emt 0:00:02]} Rh2 {[%emt 0:00:02]} 52. Kxg5 {[%emt 0:00:02]} Rxh3 {
[%emt 0:00:02]} 53. Nf5 {[%emt 0:00:02]} Rxf3 {[%emt 0:00:02]} 54. Kf6 {
[%emt 0:00:03]} Ra3 {[%emt 0:00:02]} 55. g5 {[%emt 0:00:02]} Ra6+ {
[%emt 0:00:02]} 56. Kf7 {[%emt 0:00:03]} Rg6 {[%emt 0:00:04]} 57. Ne7 {
[%emt 0:00:01]} Rxg5 {[%emt 0:00:02]} 1/2-1/2

[Event "9. Forchheimer Sparkassen Open 2010"]
[Site "Forchheim"]
[Date "2010.10.02"]
[Round "2.51"]
[White "Seidl, Josef"]
[Black "Tawdross, Peter"]
[Result "0-1"]
[WhiteElo "1335"]
[BlackElo "1250"]
[PlyCount "59"]
[EventDate "2010.??.??"]
[WhiteTeam "TSV Kreuzberg"]
[BlackTeam "vereinslos"]

1. Nf3 {[%emt 0:00:00]} Nc6 {[%emt 0:00:35]} 2. g3 {[%emt 0:00:02]} d5 {
[%emt 0:00:05]} 3. b3 {[%emt 0:00:03]} e5 {[%emt 0:00:01]} 4. d3 {
[%emt 0:00:02]} Nf6 {[%emt 0:00:02]} 5. Nbd2 {[%emt 0:00:03]} Bb4 {
[%emt 0:00:06]} 6. c3 {[%emt 0:00:03]} Bxc3 {[%emt 0:00:01]} 7. Rb1 {
[%emt 0:00:03]} d4 {[%emt 0:00:01]} 8. Bg2 {[%emt 0:00:02]} Nd5 {[%emt 0:00:02]
} 9. O-O {[%emt 0:00:04]} O-O {[%emt 0:00:02]} 10. Nc4 {[%emt 0:00:03]} Re8 {
[%emt 0:00:02]} 11. a3 {[%emt 0:00:02]} b5 {[%emt 0:00:01]} 12. Nb2 {
[%emt 0:00:05]} Qd6 {[%emt 0:00:01]} 13. b4 {[%emt 0:00:02]} a5 {[%emt 0:00:01]
} 14. Ng5 {[%emt 0:00:03]} axb4 {[%emt 0:00:02]} 15. Ne4 {[%emt 0:00:02]} Qe7 {
[%emt 0:00:08]} 16. a4 {[%emt 0:00:04]} Ba6 {[%emt 0:00:03]} 17. f4 {
[%emt 0:00:04]} f5 {[%emt 0:00:19]} 18. Ng5 {[%emt 0:00:06]} e4 {[%emt 0:00:02]
} 19. dxe4 {[%emt 0:00:02]} fxe4 {[%emt 0:00:03]} 20. Bxe4 {[%emt 0:00:08]}
Rad8 {[%emt 0:00:13]} 21. f5 {[%emt 0:00:02]} Bxb2 {[%emt 0:00:01]} 22. f6 {
[%emt 0:00:02]} gxf6 {[%emt 0:00:02]} 23. Rxb2 {[%emt 0:00:01]} fxg5 {
[%emt 0:00:46]} 24. Qb3 {[%emt 0:00:03]} Qxe4 {[%emt 0:00:04]} 25. Bxg5 {
[%emt 0:00:02]} Na5 {[%emt 0:00:34]} 26. Qa2 {[%emt 0:00:02]} Rd7 {
[%emt 0:00:02]} 27. axb5 {[%emt 0:00:02]} Bb7 {[%emt 0:00:01]} 28. Rxb4 {
[%emt 0:00:02]} Kh8 {[%emt 0:00:02]} 29. Rb2 {[%emt 0:00:02]} h6 {
[%emt 0:00:03]} 30. Bxh6 {[%emt 0:00:01]} 0-1

[Event "9. Forchheimer Sparkassen Open 2010"]
[Site "Forchheim"]
[Date "2010.10.02"]
[Round "2.52"]
[White "Askri, Samir"]
[Black "Braun, Kristin"]
[Result "1-0"]
[WhiteElo "1327"]
[BlackElo "1237"]
[PlyCount "129"]
[EventDate "2010.??.??"]
[WhiteTeam "SG Siemens Amberg"]
[BlackTeam "SC Forchheim e.V."]

1. d4 {[%emt 0:00:00]} d5 {[%emt 0:00:01]} 2. c4 {[%emt 0:00:02]} c6 {
[%emt 0:00:01]} 3. Nf3 {[%emt 0:00:03]} Nf6 {[%emt 0:00:01]} 4. Nc3 {
[%emt 0:00:03]} Bf5 {[%emt 0:00:04]} 5. cxd5 {[%emt 0:00:03]} cxd5 {
[%emt 0:00:02]} 6. Qb3 {[%emt 0:00:03]} Bc8 {[%emt 0:00:02]} 7. Bg5 {
[%emt 0:00:03]} e6 {[%emt 0:00:01]} 8. e3 {[%emt 0:00:02]} Be7 {[%emt 0:00:01]}
9. Ne5 {[%emt 0:00:03]} O-O {[%emt 0:00:01]} 10. Bd3 {[%emt 0:00:03]} Nc6 {
[%emt 0:00:02]} 11. Nxc6 {[%emt 0:00:02]} bxc6 {[%emt 0:00:01]} 12. Rc1 {
[%emt 0:00:02]} Bd7 {[%emt 0:00:02]} 13. Na4 {[%emt 0:00:03]} Qa5+ {
[%emt 0:00:02]} 14. Nc3 {[%emt 0:00:04]} h6 {[%emt 0:00:03]} 15. Bh4 {
[%emt 0:00:04]} Rab8 {[%emt 0:00:02]} 16. Qc2 {[%emt 0:00:03]} Rfc8 {
[%emt 0:00:02]} 17. O-O {[%emt 0:00:03]} c5 {[%emt 0:00:01]} 18. dxc5 {
[%emt 0:00:02]} Qxc5 {[%emt 0:00:03]} 19. a3 {[%emt 0:00:03]} a5 {
[%emt 0:00:02]} 20. Bg3 {[%emt 0:00:03]} Bd6 {[%emt 0:00:02]} 21. Bxd6 {
[%emt 0:00:05]} Qxd6 {[%emt 0:00:01]} 22. Qe2 {[%emt 0:00:03]} e5 {
[%emt 0:00:01]} 23. Rfd1 {[%emt 0:00:00]} Ba4 {[%emt 0:00:05]} 24. Nxa4 {
[%emt 0:00:04]} e4 {[%emt 0:00:02]} 25. Rxc8+ {[%emt 0:00:02]} Rxc8 {
[%emt 0:00:01]} 26. Bb1 {[%emt 0:00:04]} Qc6 {[%emt 0:00:02]} 27. Nc3 {
[%emt 0:00:02]} Kf8 {[%emt 0:00:02]} 28. Qb5 {[%emt 0:00:02]} Qc7 {
[%emt 0:00:02]} 29. h3 {[%emt 0:00:03]} Rb8 {[%emt 0:00:02]} 30. Qe2 {
[%emt 0:00:03]} Qb6 {[%emt 0:00:02]} 31. Nxd5 {[%emt 0:00:02]} Nxd5 {
[%emt 0:00:02]} 32. Rxd5 {[%emt 0:00:01]} Qxb2 {[%emt 0:00:02]} 33. Qxb2 {
[%emt 0:00:02]} Rxb2 {[%emt 0:00:02]} 34. Bxe4 {[%emt 0:00:02]} g6 {
[%emt 0:00:01]} 35. Rxa5 {[%emt 0:00:02]} f5 {[%emt 0:00:02]} 36. Bf3 {
[%emt 0:00:02]} Rb1+ {[%emt 0:00:01]} 37. Kh2 {[%emt 0:00:01]} Ke7 {
[%emt 0:00:02]} 38. a4 {[%emt 0:00:02]} Ra1 {[%emt 0:00:02]} 39. Ra7+ {
[%emt 0:00:02]} Kd6 {[%emt 0:00:02]} 40. Ra6+ {[%emt 0:00:01]} Kc5 {
[%emt 0:00:08]} 41. Bc6 {[%emt 0:00:06]} g5 {[%emt 0:00:03]} 42. Bb5 {
[%emt 0:00:02]} h5 {[%emt 0:00:02]} 43. Rf6 {[%emt 0:00:02]} Ra2 {
[%emt 0:00:02]} 44. Rxf5+ {[%emt 0:00:02]} Kd6 {[%emt 0:00:02]} 45. Kg3 {
[%emt 0:00:02]} h4+ {[%emt 0:00:01]} 46. Kf3 {[%emt 0:00:01]} Ke6 {
[%emt 0:00:01]} 47. Rxg5 {[%emt 0:00:01]} Kf6 {[%emt 0:00:01]} 48. Rh5 {
[%emt 0:00:01]} Kg6 {[%emt 0:00:01]} 49. Rxh4 {[%emt 0:00:01]} Kg5 {
[%emt 0:00:01]} 50. Rf4 {[%emt 0:00:02]} Ra3 {[%emt 0:00:06]} 51. Ke4 {
[%emt 0:00:43]} Kg6 {[%emt 0:00:02]} 52. Kd5 {[%emt 0:00:02]} Kg7 {
[%emt 0:00:02]} 53. Kc5 {[%emt 0:00:02]} Ra2 {[%emt 0:00:02]} 54. Kb6 {
[%emt 0:00:02]} Kg8 {[%emt 0:00:03]} 55. a5 {[%emt 0:00:02]} Kh8 {
[%emt 0:00:01]} 56. a6 {[%emt 0:00:02]} Kg8 {[%emt 0:00:02]} 57. a7 {
[%emt 0:00:02]} Rxa7 {[%emt 0:00:04]} 58. Kxa7 {[%emt 0:00:10]} Kh8 {
[%emt 0:00:02]} 59. e4 {[%emt 0:00:02]} Kg8 {[%emt 0:00:01]} 60. e5 {
[%emt 0:00:02]} Kh8 {[%emt 0:00:01]} 61. e6 {[%emt 0:00:03]} Kg8 {
[%emt 0:00:02]} 62. e7 {[%emt 0:00:01]} Kh8 {[%emt 0:00:01]} 63. e8=Q+ {
[%emt 0:00:02]} Kg7 {[%emt 0:00:02]} 64. Qf7+ {[%emt 0:00:00]} Kh8 {
[%emt 0:00:00]} 65. Rh4# {[%emt 0:00:12]} 1-0